000 00677nam a2200289Ia 4500
005 20260324143751.0
008 008 260324s9999 xx 000 0 eng d
020 _a9781351137508
037 _aEBOOK
040 _aCRL
040 _beng
040 _cCRL
041 _2eng
041 _aeng
084 _qCRL
100 _aRon Robin
_91216845
245 0 _aSigns of Change
245 0 _bUrban Iconographies in San Francisco, 1880-1915
260 _bTaylor and Francis
260 _c1990
365 _a
365 _b115
856 _uhttp://www.taylorfrancis.com/books/9781351137508
942 _cEBOOK
999 _c1822643
_d1822643